<?xml version="1.0" encoding="UTF-8"?><?xml-stylesheet type="text/xsl" href="static/style.xsl"?><OAI-PMH xmlns="http://www.openarchives.org/OAI/2.0/" xmlns:xsi="http://www.w3.org/2001/XMLSchema-instance" xsi:schemaLocation="http://www.openarchives.org/OAI/2.0/ http://www.openarchives.org/OAI/2.0/OAI-PMH.xsd"><responseDate>2026-04-27T08:20:55Z</responseDate><request verb="GetRecord" identifier="oai:uvadoc.uva.es:10324/41315" metadataPrefix="marc">https://uvadoc.uva.es/oai/request</request><GetRecord><record><header><identifier>oai:uvadoc.uva.es:10324/41315</identifier><datestamp>2021-06-19T10:09:59Z</datestamp><setSpec>com_10324_38</setSpec><setSpec>col_10324_785</setSpec></header><metadata><record xmlns="http://www.loc.gov/MARC21/slim" xmlns:doc="http://www.lyncode.com/xoai" xmlns:xsi="http://www.w3.org/2001/XMLSchema-instance" xmlns:dcterms="http://purl.org/dc/terms/" xsi:schemaLocation="http://www.loc.gov/MARC21/slim http://www.loc.gov/standards/marcxml/schema/MARC21slim.xsd">
<leader>00925njm 22002777a 4500</leader>
<datafield tag="042" ind1=" " ind2=" ">
<subfield code="a">dc</subfield>
</datafield>
<datafield tag="720" ind1=" " ind2=" ">
<subfield code="a">Molledo Cebrián, Coral</subfield>
<subfield code="e">author</subfield>
</datafield>
<datafield tag="260" ind1=" " ind2=" ">
<subfield code="c">2020</subfield>
</datafield>
<datafield tag="520" ind1=" " ind2=" ">
<subfield code="a">El edificio surge entre los estratos del terreno y entre la vegetación,convirtiéndose en un elemento más del paisaje. Se talla en el terreno, como si de cárcavas se tratase, hundiéndose en busca de discreción y dando la espalda a la industria para abrirse hacia la ribera. De este moso, la sede "Tierra de Sabor" nace como resultado del diálogo entre parcela, programa, entorno y tiempo. Sin pretender una modificación del medio, se busca la manera de relacionarse con el lugar, integrarse y permitir la fusión entre arquitectura y naturaleza. Así pues, mediante la sensibilización hacia el entorno, el uso de sus formas y texturas y con el ritmo, la pauta y la repetición se va creando un tejido orgánico, que recuerda a los campos de Castilla en su vista aérea, y con él, un juego de llenos y vacíos que dan lugar al edificio como microciudad; que se basa en la arquitectura del funcionalismo, de lo necesario, con la tendencia a la disgregación por funciones, individualización de espacios y volúmenes; una arquitectura de conjuntos.</subfield>
</datafield>
<datafield tag="024" ind2=" " ind1="8">
<subfield code="a">http://uvadoc.uva.es/handle/10324/41315</subfield>
</datafield>
<datafield ind1=" " ind2=" " tag="653">
<subfield code="a">Productos agrícolas - Comercialización - España - Castilla y León</subfield>
</datafield>
<datafield ind1=" " ind2=" " tag="653">
<subfield code="a">Alimentos - Industria y comercio - España - Castilla y León</subfield>
</datafield>
<datafield tag="245" ind1="0" ind2="0">
<subfield code="a">Sede de “tierra de sabor”. Proyecto de centro de exposición, promoción, desarrollo y venta de productos agroalimentarios vinculados a Castilla y León, en Valladolid.</subfield>
</datafield>
</record></metadata></record></GetRecord></OAI-PMH>